000 02111nam0a2200349 4500
001 RU\NLR\BIBL_A\012023326
005 20190628084952.0
010 _a978-5-4386-1686-3
_9100
021 _aRU
_bКН-П-19-032448
_9КН-П-19-2412
035 _a(NLR Aleph) 012023326
035 _a(RuMoRGB)009970685
090 _a11512866
_c11512866
100 _a20190527d2019 u y0rusy50 ca
101 0 _arus
102 _aRU
105 _ay z 000zy
200 1 _aНравственная солидарность военнослужащих
_eцикл бесед [с личным составом
_fРуслан Вадимович Смирнов
_gпод редакцией проф. Л. Н. Бережновой]
_gФедеральное государственное казённое военное образовательное учреждение высшего образования "Санкт-Петербургский военный институт войск национальной гвардии Российской Федерации"
210 _aСанкт-Петербург
_cСвоё издательство
_d2019
215 _a142 с.
_cтабл.
_d21
300 _aАвт. указан перед вып. дан.
320 _aБиблиогр.: с. 121-124 (49 назв.)
601 0 1 _aРоссийская Федерация
_bВооруженные силы
_xЛичный состав
_xНравственное воспитание
_2nlr_sh2
_3RU\NLR\AUTH\661602892
686 1 _aЦ4,6(2)42
700 1 _aСмирнов
_bР. В.
_cпедагог, военный
_gРуслан Вадимович
_3RU\NLR\AUTH\770191873
702 1 _aБережнова
_bЛ.Н.
_gЛюдмила Николаевна
_3RU\NLR\AUTH\7725582
_4340
712 0 2 _aСанкт-Петербургский военный институт войск национальной гвардии Российской Федерации
_3RU\NLR\AUTH\880443239
_4570
942 _cBOOK
980 _aNBR
980 _aNB